[Event "Quebec op"]
[Site "Montreal CAN"]
[Date "1989.07.28"]
[Round "7"]
[White "Billard, Michel"]
[Black "Morin, Yves"]
[Result "1/2-1/2"]
[WhiteElo "2086"]
[BlackElo "2328"]
[PlyCount "84"]
[GameId "2160767912502590"]
[EventDate "1989.07.22"]
[EventType "swiss"]
[EventRounds "8"]
[EventCountry "CAN"]
[SourceTitle "hb 2009.04"]

1. e4 e6 2. d4 d5 3. Nc3 Bb4 4. e5 c5 5. a3 Bxc3+ 6. bxc3 Ne7 7. Qg4 Qc7 8. Bd3 Nd7 9. Nf3 cxd4 10. O-O Nc5 11. cxd4 Nxd3 12. cxd3 Nf5 13. Bg5 h6 14. Rac1 Qd7 15. Qh5 b6 16. g4 Ne7 17. Rc3 Nc6 18. Rfc1 Bb7 19. Qh4 Rc8 20. Kh1 Na5 21. Rxc8+ Bxc8 22. Be7 Bb7 23. Bd6 Nc6 24. g5 Qd8 25. Qh5 g6 26. Qh4 h5 27. Qf4 Rg8 28. Ng1 Qd7 29. Ne2 Kd8 30. Nc3 Ba6 31. Na2 Bxd3 32. Qf6+ Kc8 33. Nb4 Bb5 34. Rc3 Kb7 35. Nxc6 Bxc6 36. Rf3 Ka6 37. Qxf7 Qxf7 38. Rxf7 Bb7 39. Re7 Bc8 40. Kg2 Kb5 41. Rxa7 Kc4 42. Ra4+ Kd3 1/2-1/2

[Event "Quebec op"]
[Site "Montreal CAN"]
[Date "1989.07.28"]
[Round "7"]
[White "Bouton, Christophe"]
[Black "Beauchamp, Jean-Pierre"]
[Result "1/2-1/2"]
[WhiteElo "2038"]
[BlackElo "2021"]
[PlyCount "140"]
[GameId "2160767912502591"]
[EventDate "1989.07.22"]
[EventType "swiss"]
[EventRounds "8"]
[EventCountry "CAN"]
[SourceTitle "hb 2009.04"]

1. c4 c5 2. g3 Nf6 3. Bg2 g6 4. Nc3 Bg7 5. a3 Nc6 6. Rb1 O-O 7. b4 d6 8. b5 Nd4 9. e3 Nf5 10. Nge2 Qc7 11. O-O Bd7 12. d3 Rad8 13. b6 axb6 14. Qb3 Bc6 15. Qxb6 Qxb6 16. Rxb6 Nd7 17. Rb3 Ne5 18. Nb5 Nf3+ 19. Kh1 g5 20. e4 N5d4 21. Nexd4 Nxd4 22. Nxd4 Bxd4 23. Bxg5 Rfe8 24. Bf3 Ra8 25. Kg2 Ra6 26. Rfb1 f6 27. Bc1 Rea8 28. Bg4 Kf7 29. Rb6 Rxb6 30. Rxb6 e6 31. Kf1 Ke7 32. Ke2 Kd7 33. Rb1 Rg8 34. Bh3 Ra8 35. Bg4 Rg8 36. Bh3 Ra8 37. Bg2 Ra7 38. Bf3 Be5 39. Bg4 Bc3 40. Rb3 Bd4 41. Be3 Ba4 42. Rb1 Bc3 43. f4 Ke7 44. Bh3 Ba5 45. g4 Bc3 46. Bg2 Bc6 47. Rb3 Ba1 48. Bf3 Kd7 49. h4 Ra8 50. g5 Rg8 51. h5 e5 52. Bg4+ Ke7 53. gxf6+ Kxf6 54. Bf3 exf4 55. Bxf4 Be5 56. Be3 Rg3 57. Rb1 Ke7 58. Rf1 Bf6 59. Bf4 Rh3 60. Bg4 Rh4 61. Kf3 Bd7 62. Bxd7 Kxd7 63. h6 Rh3+ 64. Ke2 Bd4 65. a4 Bc3 66. Rb1 Kc6 67. Rg1 Be5 68. Bxe5 dxe5 69. Rg5 Kd6 70. a5 Rxh6 1/2-1/2

[Event "Quebec op"]
[Site "Montreal CAN"]
[Date "1989.07.28"]
[Round "7"]
[White "Cazelais, Marc"]
[Black "Spraggett, Grant"]
[Result "0-1"]
[WhiteElo "2015"]
[BlackElo "2320"]
[PlyCount "46"]
[GameId "2160767912502592"]
[EventDate "1989.07.22"]
[EventType "swiss"]
[EventRounds "8"]
[EventCountry "CAN"]
[SourceTitle "EXT 2002"]
[Source "ChessBase"]
[SourceDate "2001.11.25"]
[SourceVersion "1"]
[SourceVersionDate "2001.11.25"]
[SourceQuality "1"]

1. e4 c6 2. d4 d5 3. Nc3 dxe4 4. Nxe4 Nf6 5. Nxf6+ gxf6 6. c3 Bf5 7. Ne2 Nd7 8. Ng3 Bg6 9. h4 h5 10. Be2 Qa5 11. b4 Qc7 12. Nxh5 e5 13. Ng3 O-O-O 14. Bg4 Kb8 15. h5 Bh7 16. Be3 Nb6 17. O-O Nd5 18. Qc1 Bd6 19. Ne2 Rdg8 20. Bh3 Bd3 21. Re1 Rxh5 22. Kh1 Rxh3+ 23. gxh3 Be4+ 0-1

[Event "Quebec op"]
[Site "Montreal CAN"]
[Date "1989.07.28"]
[Round "7"]
[White "Gagnon, Michel"]
[Black "Saint-Pierre, Benoit"]
[Result "0-1"]
[WhiteElo "2017"]
[BlackElo "2126"]
[PlyCount "42"]
[GameId "2160767912502594"]
[EventDate "1989.07.22"]
[EventType "swiss"]
[EventRounds "8"]
[EventCountry "CAN"]
[SourceTitle "EXT 2022"]
[Source "ChessBase"]
[SourceDate "2021.10.06"]
[SourceVersion "1"]
[SourceVersionDate "2021.10.06"]
[SourceQuality "1"]

1. e4 c5 2. Nf3 Nc6 3. Bb5 d6 4. O-O e6 5. Re1 Nge7 6. c3 Qb6 7. Bf1 Ng6 8. d4 Be7 9. Na3 O-O 10. Nc4 Qc7 11. d5 exd5 12. exd5 Nce5 13. Nfxe5 Nxe5 14. Nxe5 dxe5 15. Qh5 Bd6 16. c4 Bd7 17. g3 f5 18. Bh3 Rae8 19. Bd2 f4 20. Re4 b6 21. Qg5 Bxh3 0-1

[Event "Quebec op"]
[Site "Montreal CAN"]
[Date "1989.07.28"]
[Round "7"]
[White "Gladu, Pierre"]
[Black "Gaulin, Gaetan"]
[Result "0-1"]
[WhiteElo "1924"]
[BlackElo "1957"]
[PlyCount "68"]
[GameId "2160767912502595"]
[EventDate "1989.07.22"]
[EventType "swiss"]
[EventRounds "8"]
[EventCountry "CAN"]
[SourceTitle "hb 2009.04"]

1. e4 c5 2. Nf3 Nc6 3. d4 cxd4 4. Nxd4 Nf6 5. Nc3 e5 6. Ndb5 d6 7. Bg5 a6 8. Bxf6 gxf6 9. Na3 b5 10. Nd5 f5 11. Bd3 Be6 12. c3 Bg7 13. Nc2 f4 14. a4 bxa4 15. Rxa4 a5 16. Bb5 Bd7 17. Na3 O-O 18. Nc4 Be8 19. Qg4 Rb8 20. Bxc6 Bxc6 21. Rxa5 Bb5 22. Rxb5 Rxb5 23. b4 Kh8 24. Qf5 Rxd5 25. exd5 Qc7 26. Qd3 e4 27. Qxe4 Rc8 28. Nd2 Qxc3 29. Ke2 Be5 30. Rb1 Re8 31. b5 f5 32. Qf3 Qc2 33. Qb3 Bc3+ 34. Kf1 Qxd2 0-1

[Event "Quebec op"]
[Site "Montreal CAN"]
[Date "1989.07.28"]
[Round "7"]
[White "Lagasse, Pascal"]
[Black "Levtchouk, George"]
[Result "0-1"]
[WhiteElo "1950"]
[BlackElo "2338"]
[PlyCount "128"]
[GameId "2160767912502596"]
[EventDate "1989.07.22"]
[EventType "swiss"]
[EventRounds "8"]
[EventCountry "CAN"]
[SourceTitle "hb 2009.04"]

1. e4 g6 2. d4 Bg7 3. Nf3 d6 4. Bc4 Nc6 5. c3 Nf6 6. Qe2 O-O 7. e5 dxe5 8. dxe5 Nd5 9. h3 Nb6 10. Bb3 Bf5 11. Bf4 Bd3 12. Qe3 Ba6 13. Qe4 Nd7 14. Qe3 Nb6 15. Qe4 Bd3 16. Qe3 Nd5 17. Qd2 Nxf4 18. Qxf4 Na5 19. Nbd2 c5 20. O-O-O Qc7 21. Bc2 Bxc2 22. Kxc2 b5 23. Nb3 Nb7 24. Qe3 Rab8 25. e6 f5 26. Rd7 Qb6 27. Rxe7 c4 28. Nbd4 Nc5 29. Ne5 Qd6 30. Nec6 Rb6 31. Rxg7+ Kxg7 32. e7 Re8 33. Rd1 Nd3 34. Qg5 Qf6 35. Qxf6+ Kxf6 36. Rd2 Ne5 37. Nb4 Rd6 38. Nxb5 Rxd2+ 39. Kxd2 Kxe7 40. Nxa7 Kd6 41. Nb5+ Kc5 42. Nd4 Nf7 43. f4 Nd6 44. Nbc2 Ne4+ 45. Kd1 Rb8 46. Kc1 Nf2 47. Ne1 Ra8 48. a3 Kd5 49. Ndf3 Ke4 50. Nd2+ Kd5 51. Ndf3 Re8 52. Kd2 Ne4+ 53. Kd1 Nc5 54. Nc2 Na4 55. Kc1 Re2 56. Ne5 g5 57. g3 gxf4 58. gxf4 Re4 59. Nb4+ Ke6 60. Nf3 Rxf4 61. Ng5+ Ke5 62. b3 Rf1+ 63. Kc2 Rf2+ 64. Kc1 Nxc3 0-1

[Event "Quebec op"]
[Site "Montreal CAN"]
[Date "1989.07.28"]
[Round "7"]
[White "Morin, Louis"]
[Black "Dion, Francis"]
[Result "0-1"]
[WhiteElo "1951"]
[BlackElo "1825"]
[PlyCount "66"]
[GameId "2160767912502597"]
[EventDate "1989.07.22"]
[EventType "swiss"]
[EventRounds "8"]
[EventCountry "CAN"]
[SourceTitle "hb 2013"]

1. e4 e5 2. Nf3 Nc6 3. Nc3 Nf6 4. Bb5 Bc5 5. O-O d6 6. d4 exd4 7. Nxd4 Bd7 8. Bxc6 bxc6 9. Nb3 Bb6 10. a4 a5 11. Bg5 h6 12. Bh4 O-O 13. h3 Re8 14. Qf3 Re6 15. Rad1 Qe8 16. Rfe1 c5 17. Qd3 Bxa4 18. Nxa4 Qxa4 19. Bxf6 c4 20. Qg3 Rxf6 21. Nd4 Bxd4 22. Rxd4 Qxc2 23. e5 dxe5 24. Rxe5 Qxb2 25. Rxc4 a4 26. Qe3 a3 27. Re8+ Rxe8 28. Qxe8+ Kh7 29. Qe4+ g6 30. Qe1 a2 31. Rc1 Rxf2 32. Ra1 Rxg2+ 33. Kf1 Rh2 0-1

[Event "Quebec op"]
[Site "Montreal CAN"]
[Date "1989.07.28"]
[Round "7"]
[White "Vallieres, Mario"]
[Black "Bray, Ronald"]
[Result "0-1"]
[WhiteElo "2023"]
[BlackElo "1988"]
[PlyCount "56"]
[GameId "2160767912502598"]
[EventDate "1989.07.22"]
[EventType "swiss"]
[EventRounds "8"]
[EventCountry "CAN"]
[SourceTitle "EXT 2022"]
[Source "ChessBase"]
[SourceDate "2021.10.06"]
[SourceVersion "1"]
[SourceVersionDate "2021.10.06"]
[SourceQuality "1"]

1. d4 Nf6 2. Nc3 c5 3. d5 d6 4. e4 g6 5. Be2 Bg7 6. Nf3 O-O 7. O-O Na6 8. Re1 Nc7 9. a4 b6 10. Ra3 a6 11. Bg5 Rb8 12. Rb3 h6 13. Bh4 g5 14. e5 Nfxd5 15. Nxd5 Nxd5 16. Bc4 Nf4 17. Bxg5 hxg5 18. Nxg5 d5 19. Bd3 f5 20. exf6 exf6 21. Bh7+ Kh8 22. Nh3 Bxh3 23. Qf3 Bh6 24. Rbe3 Rb7 25. Bg6 Bxg2 26. Qg4 Be4 27. Qh4 Nxg6 28. Qxh6+ Rh7 0-1

[Event "Quebec op"]
[Site "Montreal CAN"]
[Date "1989.07.29"]
[Round "8"]
[White "Angers, Gilles"]
[Black "Daigle, Gilles"]
[Result "1-0"]
[WhiteElo "1998"]
[BlackElo "1854"]
[PlyCount "95"]
[GameId "2160767912502599"]
[EventDate "1989.07.22"]
[EventType "swiss"]
[EventRounds "8"]
[EventCountry "CAN"]
[SourceTitle "hb 2009.04"]

1. e4 c5 2. d4 cxd4 3. c3 d3 4. c4 Nc6 5. Bxd3 Nf6 6. Nc3 d6 7. Nf3 g6 8. O-O Bg7 9. Bf4 O-O 10. Qd2 Bg4 11. Be2 Rc8 12. Rac1 Qa5 13. Bh6 Bxf3 14. gxf3 Qh5 15. Bxg7 Kxg7 16. Nd5 Ne5 17. Nxf6 exf6 18. Qe3 g5 19. f4 gxf4 20. Bxh5 fxe3 21. fxe3 Rxc4 22. Rxc4 Nxc4 23. b3 Nd2 24. Rc1 Nxe4 25. Rc7 Ng5 26. Rxb7 Kh6 27. Be2 Re8 28. Rxa7 Rxe3 29. Bc4 f5 30. h4 Nh3+ 31. Kf1 f6 32. Rd7 f4 33. Rxd6 f3 34. Rd3 Re4 35. Rxf3 Nf4 36. a4 Kh5 37. a5 Kxh4 38. a6 Kg4 39. Rxf4+ Kxf4 40. a7 Re8 41. Bd5 Ke5 42. a8=Q Rxa8 43. Bxa8 Kd4 44. Kf2 Kc3 45. Bd5 h6 46. Kg3 f5 47. Kf4 h5 48. Kxf5 1-0

[Event "Quebec op"]
[Site "Montreal CAN"]
[Date "1989.07.29"]
[Round "8"]
[White "Belanger, Jacques"]
[Black "Cazelais, Marc"]
[Result "0-1"]
[WhiteElo "1895"]
[BlackElo "2015"]
[PlyCount "62"]
[GameId "2160767912502600"]
[EventDate "1989.07.22"]
[EventType "swiss"]
[EventRounds "8"]
[EventCountry "CAN"]
[SourceTitle "hb 2009.04"]

1. e4 e5 2. Nf3 Nc6 3. Bb5 a6 4. Ba4 Nf6 5. O-O Be7 6. Re1 b5 7. Bb3 O-O 8. c3 d5 9. exd5 Nxd5 10. Nxe5 Nxe5 11. Rxe5 c6 12. d4 Bd6 13. Re2 Qh4 14. g3 Qh5 15. Nd2 Bh3 16. f3 Rae8 17. Qe1 f5 18. Rxe8 Rxe8 19. Qf2 Re6 20. Nf1 Qe8 21. Ne3 f4 22. gxf4 Bxf4 23. Nc2 Rg6+ 24. Kh1 Bg2+ 25. Kg1 Bxf3+ 26. Kf1 Bg2+ 27. Qxg2 Rxg2 28. Kxg2 Qe2+ 29. Kg1 Bxh2+ 30. Kh1 Bg3 31. Bxd5+ cxd5 0-1

[Event "Quebec op"]
[Site "Montreal CAN"]
[Date "1989.07.29"]
[Round "8"]
[White "Berube, Richard"]
[Black "Billard, Michel"]
[Result "1-0"]
[WhiteElo "2156"]
[BlackElo "2086"]
[PlyCount "111"]
[GameId "2160767912502601"]
[EventDate "1989.07.22"]
[EventType "swiss"]
[EventRounds "8"]
[EventCountry "CAN"]
[SourceTitle "hb 2009.04"]

1. d4 f5 2. g3 Nf6 3. Bg2 e6 4. c4 d5 5. Nf3 Be7 6. O-O Nc6 7. b3 b6 8. Bb2 Bb7 9. Ne5 Nxe5 10. dxe5 Ne4 11. cxd5 Bxd5 12. f3 Ng5 13. Nc3 Bc5+ 14. Kh1 Bb7 15. Qc2 Qe7 16. Na4 Be3 17. Bc1 Bxc1 18. Raxc1 c5 19. Nb2 O-O 20. Nc4 Nf7 21. Rfd1 Rfd8 22. a4 Qc7 23. Qc3 Bd5 24. f4 Qc6 25. Bxd5 Rxd5 26. Qf3 Rad8 27. Kg2 g5 28. h3 h5 29. Kf2 g4 30. hxg4 hxg4 31. Qg2 Qd7 32. Rxd5 exd5 33. Rd1 Qe6 34. Ne3 d4 35. Nc4 Rd5 36. Rd3 a6 37. Nxb6 Rd8 38. a5 Kg7 39. Qb7 Rh8 40. Qd7 Qh6 41. Qd5 Nd8 42. Qd7+ Nf7 43. Qb7 Qe6 44. Nc4 Rh2+ 45. Ke1 Kf8 46. Qa8+ Kg7 47. Qb7 Kf8 48. Nb6 Nd8 49. Qa8 Ke8 50. Nd5 Qf7 51. Nf6+ Ke7 52. Qa7+ Kf8 53. Qxc5+ Kg7 54. Qxd4 Nc6 55. Qd7 Ne7 56. Nd5 1-0

[Event "Quebec op"]
[Site "Montreal CAN"]
[Date "1989.07.29"]
[Round "8"]
[White "Bray, Ronald"]
[Black "Labelle, Jacques"]
[Result "0-1"]
[WhiteElo "1988"]
[BlackElo "2092"]
[PlyCount "74"]
[GameId "2160767912502602"]
[EventDate "1989.07.22"]
[EventType "swiss"]
[EventRounds "8"]
[EventCountry "CAN"]
[SourceTitle "EXT 2022"]
[Source "ChessBase"]
[SourceDate "2021.10.06"]
[SourceVersion "1"]
[SourceVersionDate "2021.10.06"]
[SourceQuality "1"]

1. c4 Nf6 2. g3 g6 3. Bg2 Bg7 4. e4 d6 5. Ne2 O-O 6. Nbc3 e5 7. O-O Nbd7 8. d3 c6 9. h3 a6 10. Be3 b5 11. cxb5 axb5 12. b4 Nb6 13. f4 exf4 14. gxf4 Nfd7 15. Qd2 Bb7 16. Bd4 f6 17. Be3 f5 18. exf5 gxf5 19. Rae1 d5 20. Nd4 Qf6 21. Nce2 Rae8 22. Bf2 Qg6 23. Kh2 Nc8 24. Rg1 Qh6 25. Nf3 Nf6 26. Nh4 Nd6 27. Bf3 Kh8 28. Rg5 Bc8 29. Reg1 Rg8 30. Ng6+ hxg6 31. Rxg6 Qh7 32. R1g5 Nf7 33. Rxg7 Rxg7 34. Bd4 Nxg5 35. fxg5 Ng4+ 36. Bxg4 fxg4 37. Nf4 Kg8 0-1

[Event "Quebec op"]
[Site "Montreal CAN"]
[Date "1989.07.29"]
[Round "8"]
[White "Gaulin, Gaetan"]
[Black "Beauchamp, Jean-Pierre"]
[Result "1/2-1/2"]
[WhiteElo "1957"]
[BlackElo "2021"]
[PlyCount "93"]
[GameId "2160767912502603"]
[EventDate "1989.07.22"]
[EventType "swiss"]
[EventRounds "8"]
[EventCountry "CAN"]
[SourceTitle "hb 2009.04"]

1. c4 c5 2. Nf3 Nf6 3. Nc3 g6 4. g3 b6 5. Bg2 Bb7 6. O-O Bg7 7. b3 O-O 8. Bb2 d6 9. d3 Nbd7 10. e3 d5 11. Qe2 e5 12. Nd2 Nb8 13. Rfd1 Qd7 14. Qf3 Rd8 15. cxd5 Nxd5 16. Nxd5 Bxd5 17. Qxd5 Qxd5 18. Bxd5 Rxd5 19. Nc4 Nc6 20. Bc3 Rad8 21. Nb2 f5 22. Kf1 Kf7 23. Ke2 b5 24. Rab1 Bf6 25. f3 Ke6 26. f4 exf4 27. Bxf6 f3+ 28. Kxf3 Kxf6 29. Rbc1 Ne5+ 30. Ke2 Re8 31. h3 g5 32. Kf2 Red8 33. Ke2 h5 34. Rc2 h4 35. gxh4 gxh4 36. e4 fxe4 37. dxe4 Rxd1 38. Nxd1 Rd4 39. Nf2 c4 40. Ke3 cxb3 41. axb3 Rb4 42. Rc3 a5 43. Nd3 Nxd3 44. Rxd3 a4 45. bxa4 bxa4 46. Kf4 Ke6 47. Rd5 1/2-1/2

[Event "Quebec op"]
[Site "Montreal CAN"]
[Date "1989.07.29"]
[Round "8"]
[White "Gladu, Pierre"]
[Black "Glass, Martin"]
[Result "1-0"]
[WhiteElo "1924"]
[BlackElo "1817"]
[PlyCount "59"]
[GameId "2160767912502604"]
[EventDate "1989.07.22"]
[EventType "swiss"]
[EventRounds "8"]
[EventCountry "CAN"]
[SourceTitle "hb 2009.04"]

1. e4 c5 2. Nf3 d6 3. d4 cxd4 4. Nxd4 Nf6 5. Nc3 g6 6. Be3 Bg7 7. f3 O-O 8. Bc4 Nc6 9. Qd2 Bd7 10. O-O-O Rc8 11. Bb3 Ne5 12. h4 h5 13. Qe2 a6 14. g4 b5 15. Nd5 Nfxg4 16. fxg4 Bxg4 17. Qd2 Bxd1 18. Rxd1 Nc4 19. Bxc4 Rxc4 20. b3 Rc8 21. Bg5 Re8 22. Rg1 Rc5 23. Nf5 Rxd5 24. exd5 Be5 25. Qf2 Bf6 26. Bxf6 exf6 27. Qg3 Re5 28. Nh6+ Kg7 29. Nxf7 Kxf7 30. Qxg6+ 1-0

[Event "Quebec op"]
[Site "Montreal CAN"]
[Date "1989.07.29"]
[Round "8"]
[White "Lagasse, Pascal"]
[Black "Gagnon, Michel"]
[Result "1/2-1/2"]
[WhiteElo "1950"]
[BlackElo "2017"]
[PlyCount "72"]
[GameId "2160767912502606"]
[EventDate "1989.07.22"]
[EventType "swiss"]
[EventRounds "8"]
[EventCountry "CAN"]
[SourceTitle "hb 2009.04"]

1. e4 c5 2. Nf3 e6 3. d4 cxd4 4. Nxd4 a6 5. Nc3 Qc7 6. Be2 b5 7. O-O Bb7 8. a3 Nf6 9. Qd3 d6 10. f4 Nbd7 11. Bf3 Be7 12. Kh1 O-O 13. Qe2 Rfe8 14. e5 Bxf3 15. Nxf3 Nd5 16. Nxd5 exd5 17. e6 Bf6 18. exf7+ Kxf7 19. Ng5+ Bxg5 20. fxg5+ Kg8 21. Qf3 Qc6 22. Qf7+ Kh8 23. Bf4 Ne5 24. Qf5 Rf8 25. Qe6 Rfe8 26. Qf5 Qc4 27. Bxe5 dxe5 28. Rae1 d4 29. Rf3 e4 30. Rh3 Qg8 31. Rh4 g6 32. Qc5 Qg7 33. Rf1 d3 34. Qd5 dxc2 35. Rxe4 Red8 36. Qe6 Qxb2 1/2-1/2

[Event "Quebec op"]
[Site "Montreal CAN"]
[Date "1989.07.29"]
[Round "8"]
[White "Morin, Yves"]
[Black "Spraggett, Grant"]
[Result "1-0"]
[WhiteElo "2205"]
[BlackElo "2320"]
[PlyCount "99"]
[GameId "2160767912502607"]
[EventDate "1989.07.22"]
[EventType "swiss"]
[EventRounds "8"]
[EventCountry "CAN"]
[SourceTitle "EXT 2002"]
[Source "ChessBase"]
[SourceDate "2001.11.25"]
[SourceVersion "1"]
[SourceVersionDate "2001.11.25"]
[SourceQuality "1"]

1. e4 c6 2. d4 d5 3. e5 Bf5 4. Nc3 e6 5. g4 Bg6 6. Nge2 Be7 7. Be3 Nd7 8. Ng3 Bh4 9. Be2 Qb6 10. Qd2 Qxb2 11. Rb1 Qxc2 12. Qxc2 Bxc2 13. Rxb7 Bg6 14. O-O Ne7 15. f4 Bxg3 16. hxg3 h6 17. Bc1 Kd8 18. Ba3 Re8 19. f5 exf5 20. gxf5 Nxf5 21. Bg4 Kc8 22. Rxd7 Kxd7 23. Bxf5+ Bxf5 24. Rxf5 Ke6 25. Rf1 f5 26. Bd6 h5 27. Na4 g6 28. Nc5+ Kf7 29. Rb1 g5 30. Rb7+ Kg6 31. e6 a5 32. a4 h4 33. gxh4 gxh4 34. Be5 Rg8 35. Nd7 Rge8 36. Nc5 Rg8 37. Kf2 Rae8 38. Kf3 Kh6 39. Bf4+ Kg6 40. Be5 Kh6 41. Rf7 Rg1 42. Kf2 Rgg8 43. Rf6+ Kg5 44. Kf3 Rg6 45. Rf7 Rgg8 46. Rh7 Kg6 47. Rxh4 Re7 48. Rh1 Rge8 49. Rg1+ Kh6 50. Kf4 1-0

[Event "Quebec op"]
[Site "Montreal CAN"]
[Date "1989.07.29"]
[Round "8"]
[White "Roy, Guy"]
[Black "Bouton, Christophe"]
[Result "0-1"]
[WhiteElo "1953"]
[BlackElo "2038"]
[PlyCount "60"]
[GameId "2160767912502608"]
[EventDate "1989.07.22"]
[EventType "swiss"]
[EventRounds "8"]
[EventCountry "CAN"]
[SourceTitle "hb 2009.04"]

1. e4 c5 2. Nf3 Nc6 3. d4 cxd4 4. Nxd4 Nf6 5. Nc3 e5 6. Ndb5 d6 7. Bg5 a6 8. Na3 b5 9. Bxf6 gxf6 10. Nd5 Bg7 11. c3 Ne7 12. Nxb5 axb5 13. Bxb5+ Kf8 14. Nb4 f5 15. Qd2 h5 16. Rd1 Rh6 17. f4 exf4 18. Bc4 fxe4 19. Qxf4 Rf6 20. Qg5 Ra5 21. Nd5 Nxd5 22. Rxd5 Rxd5 23. Qxd5 Qb6 24. Qa8 Qb7 25. Qa5 Ke7 26. Rf1 Qxb2 27. Rxf6 Bxf6 28. Qd5 Bxc3+ 29. Kf1 Qc1+ 30. Kf2 Qe1# 0-1

[Event "Quebec op"]
[Site "Montreal CAN"]
[Date "1989.07.29"]
[Round "8"]
[White "Teuton, Frank"]
[Black "Levtchouk, George"]
[Result "1-0"]
[WhiteElo "2067"]
[BlackElo "2305"]
[PlyCount "65"]
[GameId "2160767912502610"]
[EventDate "1989.07.22"]
[EventType "swiss"]
[EventRounds "8"]
[EventCountry "CAN"]
[SourceTitle "EXT 2002"]
[Source "ChessBase"]
[SourceDate "2001.11.25"]
[SourceVersion "1"]
[SourceVersionDate "2001.11.25"]
[SourceQuality "1"]

1. e4 g6 2. d4 Bg7 3. Nc3 d6 4. Bg5 a6 5. f4 Nc6 6. d5 Nd4 7. Qd2 c5 8. Nd1 Nf6 9. Nf2 O-O 10. c3 Nb5 11. Nf3 b6 12. Bd3 Qc7 13. O-O Bb7 14. a4 Na7 15. c4 b5 16. b3 Rfe8 17. Rae1 Nd7 18. Ng4 e6 19. Nh6+ Kf8 20. f5 exf5 21. exf5 Nf6 22. Bxf6 Bxf6 23. Ng4 Qd8 24. fxg6 hxg6 25. Bxg6 Rxe1 26. Qxe1 Qe7 27. Qd2 Bg7 28. Ng5 f6 29. Nxf6 Bxf6 30. Rxf6+ Qxf6 31. Nh7+ Kg7 32. Nxf6 Kxf6 33. Bd3 1-0

[Event "Quebec op U1200"]
[Site "Montreal CAN"]
[Date "1989.07.26"]
[Round "5"]
[White "Laurence, Robert"]
[Black "Levesque, Henri"]
[Result "0-1"]
[WhiteElo "1120"]
[BlackElo "1076"]
[PlyCount "81"]
[GameId "2160767912502611"]
[EventDate "1989.07.22"]
[EventType "swiss"]
[EventRounds "8"]
[EventCountry "CAN"]
[SourceTitle "hb 2009.04"]

1. e4 e5 2. Nf3 Nc6 3. Bb5 a6 4. Ba4 Nf6 5. d3 Bc5 6. O-O b5 7. Bb3 O-O 8. Nbd2 d6 9. Re1 a5 10. a4 Be6 11. axb5 Na7 12. Bxe6 fxe6 13. Rxa5 c6 14. Nb3 Bb6 15. Ra1 Nxb5 16. Ng5 Qe7 17. Be3 Bc7 18. c4 Rxa1 19. Nxa1 Nd4 20. Nb3 c5 21. f4 exf4 22. Bxf4 e5 23. Be3 h6 24. Nh3 h5 25. Bg5 Qe8 26. Nf2 Nh7 27. Nh3 Qg6 28. Qd2 Nxb3 29. Qe3 Nd4 30. Rf1 Rxf1+ 31. Kxf1 Qf7+ 32. Kg1 Ne6 33. Bh4 Qe8 34. Ng5 Nexg5 35. Bxg5 Bd8 36. Bxd8 Qxd8 37. Qd2 Qg5 38. Qe1 Nf8 39. b4 cxb4 40. Qxb4 Qc1+ 41. Kf2 0-1

[Event "Quebec op U1200"]
[Site "Montreal CAN"]
[Date "1989.07.27"]
[Round "6"]
[White "Boileau, Alain"]
[Black "Campeau, Eric"]
[Result "1/2-1/2"]
[WhiteElo "1438"]
[BlackElo "1416"]
[PlyCount "46"]
[GameId "2160767912502612"]
[EventDate "1989.07.22"]
[EventType "swiss"]
[EventRounds "8"]
[EventCountry "CAN"]
[SourceTitle "hb 2009.04"]

1. d4 d5 2. c4 e6 3. e3 Nf6 4. Nf3 b6 5. Ne5 Bb7 6. Nc3 Nbd7 7. Qa4 Be7 8. Nc6 Bxc6 9. Qxc6 dxc4 10. Bxc4 O-O 11. Ba6 Bb4 12. Bd2 Bxc3 13. Bxc3 Nd5 14. O-O Nxc3 15. Qxc3 c5 16. Rfd1 Qe7 17. Bb7 Rab8 18. dxc5 Rxb7 19. c6 Rc7 20. Rxd7 Rxd7 21. cxd7 Qxd7 22. Rc1 Rd8 23. Kf1 h6 1/2-1/2

[Event "Quebec op U1200"]
[Site "Montreal CAN"]
[Date "1989.07.27"]
[Round "6"]
[White "Desjardins, Serge"]
[Black "Saleh, Ali"]
[Result "1-0"]
[WhiteElo "1166"]
[BlackElo "1054"]
[PlyCount "77"]
[GameId "2160767912502613"]
[EventDate "1989.07.22"]
[EventType "swiss"]
[EventRounds "8"]
[EventCountry "CAN"]
[SourceTitle "hb 2009.04"]

1. e4 c5 2. Nf3 d5 3. exd5 Qxd5 4. Nc3 Qd6 5. Bc4 Be6 6. Ne4 Qc6 7. Qe2 Bxc4 8. Qxc4 e6 9. O-O b5 10. Qe2 h6 11. b3 f6 12. Bb2 Nd7 13. Rfe1 g5 14. h3 e5 15. Ng3 h5 16. Bxe5 fxe5 17. Nxe5 Qe6 18. Ng6 Qxe2 19. Rxe2+ Kf7 20. Nxh8+ Kg7 21. Nxh5+ Kxh8 22. Re6 Be7 23. Rae1 Ndf6 24. Nxf6 Bxf6 25. Rc6 Rd8 26. d3 b4 27. Rxc5 Kh7 28. Rc7+ Bg7 29. Rxa7 Kh8 30. Rc7 Kh7 31. Re5 Nf6 32. Rxg5 Nd7 33. Rd5 Re8 34. Rdxd7 Ra8 35. Rxg7+ Kh6 36. Rg4 Ra6 37. Rxb4 Rxa2 38. Rb6+ Kg5 39. Rc5+ 1-0

[Event "Quebec op U1200"]
[Site "Montreal CAN"]
[Date "1989.07.27"]
[Round "6"]
[White "Eng, John"]
[Black "Davignon, Didier"]
[Result "0-1"]
[WhiteElo "1149"]
[BlackElo "1096"]
[PlyCount "109"]
[GameId "2160767912502614"]
[EventDate "1989.07.22"]
[EventType "swiss"]
[EventRounds "8"]
[EventCountry "CAN"]
[SourceTitle "hb 2009.04"]

1. e4 c5 2. Bc4 e6 3. d3 d5 4. exd5 exd5 5. Bb5+ Bd7 6. Qe2+ Qe7 7. Bxd7+ Nxd7 8. Nf3 Qxe2+ 9. Kxe2 Rc8 10. Re1 Rc6 11. Nc3 Re6+ 12. Kf1 Rxe1+ 13. Nxe1 Ngf6 14. Nf3 a6 15. Bf4 d4 16. Re1+ Be7 17. Ne4 O-O 18. h3 Nd5 19. Nd6 Bxd6 20. Bxd6 Rd8 21. a3 N5f6 22. b4 b6 23. bxc5 bxc5 24. Nh4 Re8 25. Nf5 Rxe1+ 26. Kxe1 Nd5 27. Ne7+ Nxe7 28. Bxe7 f5 29. Kd2 Kf7 30. Bd8 Ke6 31. c3 g6 32. cxd4 cxd4 33. f4 Nf6 34. Bc7 Nd5 35. Be5 h6 36. g3 Ne3 37. Bxd4 Nf1+ 38. Kc3 Nxg3 39. Kc4 g5 40. Be5 g4 41. hxg4 fxg4 42. Bd4 Ne2 43. Bf2 g3 44. Bxg3 Nxg3 45. d4 h5 46. d5+ Kd6 47. Kd4 h4 48. Ke3 h3 49. Kf3 h2 50. Kxg3 h1=Q 51. f5 Qf1 52. Kg4 Ke5 53. d6 Qxf5+ 54. Kg3 Kxd6 55. a4 0-1

[Event "Quebec op U1200"]
[Site "Montreal CAN"]
[Date "1989.07.27"]
[Round "6"]
[White "Lycoudis, Nicolas"]
[Black "Rozman, Zeljko"]
[Result "0-1"]
[WhiteElo "1220"]
[BlackElo "1184"]
[PlyCount "98"]
[GameId "2160767912502615"]
[EventDate "1989.07.22"]
[EventType "swiss"]
[EventRounds "8"]
[EventCountry "CAN"]
[SourceTitle "hb 2009.04"]

1. e4 c5 2. Nf3 e6 3. d4 cxd4 4. Nxd4 a6 5. c4 Nc6 6. Nc3 Nf6 7. Nb3 Bb4 8. Qc2 Qc7 9. h3 Ne5 10. a3 Bxc3+ 11. bxc3 Nxc4 12. Be2 d5 13. exd5 Nxd5 14. Nd4 Bd7 15. O-O Rc8 16. Bf3 Qa5 17. Nb3 Qc7 18. Bxd5 exd5 19. Re1+ Be6 20. Nd4 Qd7 21. Nxe6 fxe6 22. Qe2 Rc6 23. Qh5+ Qf7 24. Qxf7+ Kxf7 25. f3 Rhc8 26. Rb1 b5 27. Re2 Nb6 28. Bd2 Na4 29. Rc1 d4 30. c4 bxc4 31. Bb4 d3 32. Re4 Nb6 33. Rf4+ Kg8 34. Be1 Nd5 35. Rd4 Ne3 36. Bc3 Nc2 37. Rg4 R8c7 38. Ba5 Rb7 39. Kf2 Nxa3 40. Ke3 Nc2+ 41. Kd2 Rb5 42. Bc3 g6 43. Re4 a5 44. Rxc2 dxc2 45. Kxc2 a4 46. Re1 Kf7 47. Rb1 Rxb1 48. Kxb1 Rb6+ 49. Ka2 Rb3 0-1